000 00918nam a22002537a 4500
999 _c161908
_d161908
005 20190808110157.0
010 _a1819CHEN B-717495-515
020 _a9789381607701
_c199.00
035 _aB-717495-515
035 _aB-728542
037 _bPragati Publications
082 _aS
100 _aSwift, Jonathan
245 _aGulliver's travels /
_cby Jonathan Swift; adapted by Taniya Sachdeva
260 _aNew Delhi
_bOm Kidz
_c2018(repr.)
270 _a107, Ansari Road, Darya Ganj
_bNew Delhi
_e110002
300 _a240p.:
_bill.
_c20cm(Hb)
490 _aOm illustrated classics
500 _aAirport
700 _aSachdeva,Taniya
942 _2ddc
_cCH
_mSWI
_hS